| 000 | 00891nas a2200301 4500 | ||
|---|---|---|---|
| 001 | BR2014000388 | ||
| 003 | BR-BrBNA | ||
| 005 | 20231205123609.0 | ||
| 007 | ta | ||
| 008 | 230509b bl.|||p| |||| 00| 00por d | ||
| 040 |
_aBR-BrBNA _bpor _cBiblioteca Nacional de Agricultura |
||
| 041 | _a(Pt) | ||
| 072 | _aM12 | ||
| 100 | 1 | _aSilva, E.M. da | |
| 100 | 1 | _aSampaio, L.A. | |
| 100 | 1 | _aMartins, G.B. | |
| 100 | 1 | _aRomano, L.A. | |
| 100 | 1 | _aTesser, M.B. | |
| 245 | 1 | _aDesempenho zootécnico e custos de alimentação de juvenis de tainha submetidos à restrição alimentar | |
| 650 | _aTAINHA | ||
| 650 | _aALIMENTAÇÃO | ||
| 650 | _aCUSTO | ||
| 650 | _aPESO | ||
| 650 | _aDIETA | ||
| 773 | 0 |
_tPesquisa Agropecuária Brasileira (Brazil) _xISSN 0100-204X _g(Aug 2013), v. 48(8) p. 906-912 _wBR2014000388 |
|
| 909 |
_a202311 _bLúcia _c55 _dLúcia Elande |
||
| 942 |
_2AGRIS _n0 _cANA |
||
| 999 |
_c234703 _d234703 |
||